000 00442nam a22001697a 4500
999 _c646
_d646
005 20210902102809.0
008 160512b xxu||||| |||| 00| 0 eng d
020 _a81-8054-072-3
041 _aeng
082 _b1651
_a657.046
100 _aGupta, R.L. and Radhaswamy M.
_94357
245 _aAdvanced Accountancy ( Vol-II)
260 _aNew Delhi
_bSultan Chand & Sons.
_c1972
300 _aam VII
650 _aManagement
_9241
942 _cBK